| 000 | 00629nam a2200205Ia 4500 | ||
|---|---|---|---|
| 003 | OSt | ||
| 005 | 20240905160146.0 | ||
| 008 | 210423s2009 xx 000 0 und d | ||
| 020 | _a8130911248 | ||
| 040 | _cAL | ||
| 041 | _aeng | ||
| 082 |
_a658.155 _bHORH _223 |
||
| 100 |
_aRichard Horwitz _981109 |
||
| 245 |
_aHedge fund risk fundamentals _b: solving the risk management and transparency challenge |
||
| 260 |
_aNew Delhi _bViva Books Pvt Ltd _c2009 |
||
| 300 |
_axx,275 _bPB |
||
| 365 |
_b495 _cINR |
||
| 906 | _achallenge. ; fund ; fundamentals: ; Hedge ; management ; risk ; solving ; transparency | ||
| 942 |
_2ddc _cBK |
||
| 999 |
_c157741 _d157741 |
||